[Event "Ljubljana op"]
[Site "Ljubljana"]
[Date "1994.??.??"]
[Round "?"]
[White "Misanovic, Vesna"]
[Black "Cirkvencic, Franci"]
[Result "0-1"]
[WhiteElo "2340"]
[BlackElo "2180"]

1.d4 Nf6 2.c4 e6 3.Nc3 Bb4 4.f3 c5 5.d5 b5 6.e4 bxc4 7.Bxc4 Nxd5 8.Bxd5 exd5
9.exd5 O-O 10.Ne2 Re8 11.O-O Ba6 12.Re1 Qh4 13.Bd2 Bxe2 14.Rxe2 Na6 15.Ne4 Bxd2
16.Qxd2 f5 17.Nd6 Rxe2 18.Qxe2 Qd4+ 19.Kh1 Nc7 20.Nxf5 Qf6 21.d6 Ne6 22.Ne7+ Kh8
23.Nd5 Qf7 24.Re1 Nd4 25.Qe4 Rb8 26.b4 Ne6 27.a3 cxb4 28.axb4 Qf8 29.Ne7 Rb6
30.Rc1 Rxd6 31.h3 Nd8 32.Rc8 Re6 33.Ng6+ hxg6 34.Qh4+ Kg8 35.Rxd8 Re8 36.Rxd7 Rc8
37.Kh2 a6 38.Qd4 Kh7 39.Ra7 Rc6 40.Qh4+ Kg8 41.Rd7 Qb8+ 42.f4 Rf6 43.Rd4 Qb6
44.Re4 Re6 45.Re5 Qd6 46.Qe1 Kf7 47.Rxe6 Qxe6 48.Qxe6+ Kxe6 49.g4 Kd5 50.h4 Kc4
51.h5 gxh5 52.gxh5 Kxb4 53.f5 a5 54.h6 gxh6 55.f6 a4 56.f7 a3 57.f8=Q+ Kb3
58.Qf6 Ka2 59.Qc3  0-1

[Event "Ljubljana op"]
[Site "Ljubljana"]
[Date "1994.??.??"]
[Round "?"]
[White "Krmelj, Natasa"]
[Black "Jelen, Iztok"]
[Result "0-1"]
[WhiteElo "2020"]
[BlackElo "2380"]

1.d4 Nf6 2.c4 e6 3.Nc3 Bb4 4.f3 d5 5.a3 Bxc3+ 6.bxc3 c5 7.e3 O-O 8.Bd2 Nc6
9.Bd3 dxc4 10.Bxc4 e5 11.dxe5 Nxe5 12.Be2 Nd3+ 13.Bxd3 Qxd3 14.Ne2 Rd8 15.Nf4 Qc4
16.Qe2 Qa4 17.O-O b6 18.Qf2 Ba6 19.Rfc1 Nd7 20.e4 Ne5 21.Nd5 Nd3 22.Qg3 Nxc1
23.Rxc1 Kh8 24.Bh6 Rg8 25.Ne7 f6 26.Nxg8 Rxg8 27.Qd6 Bc4 28.Bf4 Qxa3 29.e5 fxe5
30.Qxe5 Qa4 31.Re1 Qc6 32.Qe7 a5 33.Be5 Bd5 34.Rd1 a4 35.c4 Bxc4 36.Rd6 Qb5
37.Rd8 Qb1+ 38.Kf2 Qc2+ 39.Ke3 Qg6 40.Rd6 Qxg2 41.Qh4 Qe2+ 42.Kf4 Rf8+ 43.Kg5 Qxe5+  0-1

[Event "Lloyds Bank op"]
[Site "London"]
[Date "1994.??.??"]
[Round "4"]
[White "Crouch, Colin S"]
[Black "Hastings, Jonathan"]
[Result "1/2-1/2"]
[WhiteElo "2395"]
[BlackElo "2215"]

1.d4 Nf6 2.c4 e6 3.Nc3 Bb4 4.f3 d5 5.a3 Bxc3+ 6.bxc3 Nbd7 7.cxd5 exd5 8.e3 O-O
9.Bd3 Re8 10.g4 Nf8 11.h4 Qd6 12.Kf1 b6 13.Ra2 a5 14.Rg2 Ba6 15.Bxa6 Rxa6
16.h5 b5 17.Ne2 b4 18.cxb4 axb4 19.axb4 Qxb4 20.Ng3 Ra1 21.Re2 c5 22.dxc5 Qxc5
23.Kg2 Rc8 24.Ree1 Qc2+ 25.Kh3 Ne6 26.f4 Ne4 27.Qxc2 Rxc2 28.Nxe4 dxe4  1/2-1/2

[Event "Lloyds Bank op"]
[Site "London"]
[Date "1994.??.??"]
[Round "10"]
[White "Crouch, Colin S"]
[Black "Piper, Matthew"]
[Result "1-0"]
[WhiteElo "2395"]
[BlackElo "2255"]

1.d4 Nf6 2.c4 e6 3.Nc3 Bb4 4.f3 d5 5.a3 Be7 6.e4 dxe4 7.fxe4 e5 8.d5 Ng4
9.Nf3 Bc5 10.b4 Bf2+ 11.Ke2 c5 12.dxc6 Bd4 13.Bg5 f6 14.Nxd4 exd4 15.c7 Qxc7
16.Nd5 Qe5 17.Bf4 Qxe4+ 18.Kd2 Be6 19.Nc7+ Kd7 20.Qf3 Qxf3 21.gxf3 Ne5 22.Bxe5 fxe5
23.Nxa8 Nc6 24.Rg1 g6 25.h4 Rxa8 26.h5 Rf8 27.hxg6 hxg6 28.Be2 Ne7 29.Rg5 Bf5
30.Rh1 Ke6 31.Rh7 a5 32.b5 Rd8 33.Bd3 Bxd3 34.Kxd3 Rf8 35.Rxe5+ Kxe5 36.Rxe7+ Kd6
37.Rxb7 Rxf3+ 38.Kxd4 Rf4+ 39.Kd3 Rf3+ 40.Ke4 Rxa3 41.Kd4 g5 42.Rg7 Rg3 43.Rg6+ Kd7
44.Kc5 a4 45.Kb6 a3 46.c5 a2 47.c6+ Ke7 48.Rg7+ Kd6 49.Rd7+ Ke6 50.Ra7 Rg2
51.c7  1-0

[Event "Wch U20 Girls"]
[Site "Matinhos"]
[Date "1994.??.??"]
[Round "?"]
[White "Berntsen, Sheila Barth"]
[Black "Edzgveradze, Natalia"]
[Result "1/2-1/2"]
[WhiteElo "2080"]
[BlackElo "2210"]

1.d4 Nf6 2.c4 e6 3.Nc3 Bb4 4.f3 d5 5.a3 Bxc3+ 6.bxc3 c5 7.e3 O-O 8.Bd3 Qc7
9.Qc2 dxc4 10.Bxc4 b6 11.Bd2 cxd4 12.cxd4 Ba6 13.Rc1 Bxc4 14.Qxc4 Qxc4 15.Rxc4 Nbd7
16.Ne2 Rfc8 17.Rxc8+ Rxc8 18.Nc3 e5 19.Ke2 exd4 20.exd4 Nf8 21.Kd3 Ne6 22.Rb1 Nc7
23.a4 Kf8 24.Nb5 Ncd5 25.Nd6 Rd8 26.Nc4 Nc7 27.Bb4+ Kg8 28.Be7 Rd7 29.Bxf6 gxf6
30.Ne3 Ne6 31.Nf5 Nc5+ 32.Kc4 Nxa4 33.Kb4 b5 34.Re1 h5 35.Kxb5 Rd5+ 36.Kxa4 Rxf5
37.Re8+ Kg7 38.Kb4 h4 39.Kc4 h3 40.gxh3 Rxf3 41.d5 Rf1 42.d6 Rd1 43.Kc5 f5
44.Re5 f4 45.Rf5 Kf8 46.Rxf4 Ke8 47.h4 Rd2 48.Kc6 Rc2+ 49.Kb7 Rxh2 50.Kxa7 Kd7
51.Rxf7+  1/2-1/2

[Event "Mondariz op"]
[Site "Mondariz"]
[Date "1994.??.??"]
[Round "?"]
[White "Cruz Lopez Claret, Carlos"]
[Black "Hall, Jesper"]
[Result "0-1"]
[WhiteElo "2315"]
[BlackElo "2435"]

1.d4 Nf6 2.c4 e6 3.Nc3 Bb4 4.f3 c5 5.d5 Bxc3+ 6.bxc3 e5 7.e4 d6 8.Bd3 Nh5
9.Ne2 Qf6 10.f4 Nxf4 11.Nxf4 exf4 12.O-O g5 13.g3 Rg8 14.Kh1 Bh3 15.Rf2 Nd7
16.gxf4 gxf4 17.Qf3 Bg4 18.Qxf4 Qg6 19.Qg3 Ne5 20.Bf4 Nxd3 21.Qxd3 O-O-O
22.Bg3 Rde8 23.Rf4 Re5 24.Raf1 Bh3 25.Re1 Re7 26.Qf3 Bg4 27.Qf2 Rge8 28.e5 Rxe5
29.Rxe5 dxe5 30.Qxc5+ Kb8 31.Qe3 Bh3 32.Re4 f6 33.c5 Qf5 34.Qe2 Bf1 35.Qe3 Bc4
36.Kg1  0-1

[Event "Moscow ol (Men)"]
[Site "Moscow"]
[Date "1994.??.??"]
[Round "7"]
[White "Jacimovic, Dragoljub"]
[Black "Zagrebelny, Sergey"]
[Result "1/2-1/2"]
[WhiteElo "2400"]
[BlackElo "2515"]

1.d4 Nf6 2.c4 e6 3.Nc3 Bb4 4.f3 d5 5.a3 Bxc3+ 6.bxc3 c5 7.e3 O-O 8.cxd5 Nxd5
9.Ne2 cxd4 10.cxd4 f5 11.g3 b6 12.Bg2 Ba6 13.Bd2 Nc6 14.Nc3 Rc8 15.Nxd5 Qxd5
16.Kf2 e5 17.Re1 exd4 18.f4 Qf7 19.Qa4 dxe3+ 20.Rxe3 Qc4 21.Qxc4+ Bxc4 22.Rae1 Nd4
23.Re7 a5 24.Bc3 Rfd8 25.Bb7 Rc5 26.Rd1 Kf8 27.Rxg7 Kxg7 28.Rxd4 Bf7 29.Rxd8+ Rxc3
30.a4 Rc2+ 31.Ke3 Rxh2 32.Rd7 Kf8 33.Rd6 Ra2 34.Rxb6 Rxa4 35.Rf6 Ra3+ 36.Kd4 Ra1
37.Rxf5 a4 38.Kc3 Kg7 39.Bd5 Bg6 40.Re5 Ra3+ 41.Kb4 Rxg3 42.Kxa4 Rg4 43.Kb3 Rxf4
44.Kc3 h5 45.Re3 h4 46.Rf3 Ra4 47.Bb3 Ra3 48.Kd2 Kh6 49.Ke1 Kg5 50.Kf2 Bf5
51.Bd5 Ra5 52.Bc6 Rc5 53.Bb7 Rc1 54.Kg2 Bg4 55.Rf2  1/2-1/2

[Event "Moscow ol (Women)"]
[Site "Moscow"]
[Date "1994.??.??"]
[Round "9"]
[White "Strutinskaya, Galina N"]
[Black "Maric, Alisa"]
[Result "0-1"]
[WhiteElo "2235"]
[BlackElo "2400"]

1.d4 Nf6 2.c4 e6 3.Nc3 Bb4 4.f3 d5 5.a3 Bxc3+ 6.bxc3 c5 7.cxd5 Nxd5 8.dxc5 Qa5
9.e4 Nc7 10.Qd4 f6 11.Qb4 Nc6 12.Qxa5 Nxa5 13.Be3 Bd7 14.Nh3 e5 15.Rb1 O-O-O
16.Nf2 Be6 17.Rb4 Na6 18.Ra4 Nc6 19.Bc4 Bxc4 20.Rxc4 Rd7 21.Ke2 Nc7 22.Ra4 Rhd8
23.Rc1 Ne6 24.g3 h5 25.Nd1 h4 26.Nb2 Nxc5 27.Rb4 Ne6 28.Rb3 hxg3 29.hxg3 Rh8
30.Rf1 Na5 31.Rb4 b6 32.Nc4 Nxc4 33.Rxc4+ Kb7 34.Rb4 Rh2+ 35.Rf2 Rh1 36.f4 Rdd1
37.Bd2 Rdg1 38.fxe5 fxe5 39.a4 Rxg3 40.a5 Kc6 41.axb6 axb6 42.Be3 Nc5 43.c4 Rh4
44.Rf3 Rxf3 45.Kxf3 Rh3+ 46.Kf2 Rh2+ 47.Kf3 Nd7 48.Bf2 Rh1 49.Be3 Ra1 50.Kg4 Ra3
51.Bg1 g6 52.Bh2 Kc5 53.Rb2  0-1

[Event "Moscow ol (Men)"]
[Site "Moscow"]
[Date "1994.??.??"]
[Round "9"]
[White "Ilincic, Zlatko"]
[Black "Yemelin, Vasily"]
[Result "0-1"]
[WhiteElo "2555"]
[BlackElo "2520"]

1.d4 Nf6 2.c4 e6 3.Nc3 Bb4 4.f3 c5 5.d5 Bxc3+ 6.bxc3 Qa5 7.Bd2 d6 8.e4 Nbd7
9.Ne2 Ne5 10.Ng3 Bd7 11.Be2 O-O-O 12.O-O h5 13.f4 Ba4 14.Qb1 Ned7 15.Qd3 h4
16.Nh1 Qa6 17.Nf2 Rde8 18.Rae1 Re7 19.Nh3 exd5 20.exd5 Rhe8 21.Bf3 Nb6 22.Rxe7 Rxe7
23.Re1 Kd8 24.Rxe7 Kxe7 25.Be1 Bd7 26.Qe2+ Kf8 27.Bxh4 Bxh3 28.Bxf6 gxf6
29.gxh3 Qxc4 30.Qxc4 Nxc4 31.Be2 Nb6 32.c4 Na4 33.a3 Nc3 34.Bd3 a6 35.Kf2 b5
36.Ke1 b4 37.Kd2 Na4 38.Kc2 a5 39.Kb3 Nc3 40.axb4 axb4 41.Kc2 Kg7 42.Kd2 Kh6
43.Bf5 Kh5 44.Bc2 Kh4 45.Bf5 Kh5 46.Bc2 f5 47.Bxf5 Kh4 48.Bg4 Ne4+ 49.Ke3 Nf6
50.Bf5 Ng8 51.Kf2 Nh6 52.Bd7 b3 53.Ba4 b2 54.Bc2 Kxh3 55.Kf3 Kxh2 56.Bd3 Kh3
57.Bb1 Kh4 58.Bc2 Ng8 59.Bb1 Ne7 60.Bc2 Nc8 61.Ke3 Nb6 62.Kd3 Kg4  0-1

[Event "Moscow ol (Women)"]
[Site "Moscow"]
[Date "1994.??.??"]
[Round "10"]
[White "Krmelj, Natasa"]
[Black "Petraki, Maria"]
[Result "1-0"]
[WhiteElo "2035"]
[BlackElo "2130"]

1.d4 e6 2.c4 Nf6 3.Nc3 Bb4 4.f3 c5 5.d5 Nh5 6.g3 f5 7.Nh3 O-O 8.Bg2 e5 9.d6 Nc6
10.O-O Bxc3 11.bxc3 b6 12.e4 fxe4 13.f4 Nf6 14.fxe5 Nxe5 15.Bxe4 Rb8 16.Bg5 Qe8
17.Bxf6 Rxf6 18.Rxf6 gxf6 19.Nf4 Ng6 20.Nh5 Qe5 21.Qf3 f5 22.Bxf5 Bb7 23.Qd3 Kh8
24.Rf1 Rg8 25.Bxg6 hxg6 26.Nf6 Rg7 27.Qd2 g5 28.Qd3 Rf7 29.Ng4 Rxf1+ 30.Kxf1 Qe6
31.Nf2 Ba6 32.Qe4 Bxc4+ 33.Ke1 Qf7 34.Qe5+ Qg7 35.Qe8+ Qg8 36.Qxd7 Qe6+ 37.Qxe6 Bxe6
38.Ne4 Bxa2 39.d7  1-0

[Event "JUG-chT"]
[Site "Nis"]
[Date "1994.??.??"]
[Round "?"]
[White "Grujic, Nebojsa"]
[Black "Abramovic, Bosko"]
[Result "0-1"]
[WhiteElo "2245"]
[BlackElo "2500"]

1.d4 Nf6 2.c4 e6 3.Nc3 Bb4 4.f3 d5 5.a3 Bxc3+ 6.bxc3 c6 7.e3 O-O 8.Nh3 b6
9.cxd5 cxd5 10.Bd3 Ba6 11.O-O Qc8 12.Bxa6 Qxa6 13.Qe1 Nbd7 14.e4 e5 15.dxe5 Nxe5
16.Qg3 Rfe8 17.Bg5 b5 18.Bxf6 Qxf6 19.exd5 Nc4 20.Nf4 Qxc3 21.Rfd1 Rad8 22.a4 Nb2
23.Rdc1 Qd4+ 24.Kh1 Nxa4 25.h4 Nc3 26.Ra6 b4 27.Rc6 a5 28.Nh5 Ne2 29.Qg5 Nxc1
30.Nf6+ Kh8 31.Nxe8 Ne2 32.Kh2 Rxe8 33.d6 h6  0-1

[Event "NLD-sf"]
[Site "?"]
[Date "1994.??.??"]
[Round "8"]
[White "Roobol, Martin"]
[Black "Van Gool, Henk"]
[Result "1-0"]
[WhiteElo "2245"]
[BlackElo "2085"]

1.d4 Nf6 2.c4 e6 3.Nc3 Bb4 4.f3 c5 5.d5 b5 6.e4 bxc4 7.Bxc4 Ba6 8.Qd3 Bxc4
9.Qxc4 exd5 10.exd5 O-O 11.Ne2 d6 12.O-O Nbd7 13.Qh4 Qb6 14.Kh1 Rfe8 15.Rd1 Qa6
16.Ng3 Bxc3 17.bxc3 Qd3 18.Bf4 Qxc3 19.Nf5 Ne5 20.Rac1 Qb4 21.Nxg7 Nxd5 22.Nxe8 Nxf4
23.Nf6+ Kg7 24.Qxf4 Qxf4 25.Nh5+ Kf8 26.Nxf4 Ke7 27.Rb1 Rd8 28.Rb7+ Kf6 29.Nd5+ Ke6
30.g4 Nc6 31.Nf4+ Ke5 32.Nd3+ Kd4 33.Rxf7 Kc3 34.Rxh7 Kc2 35.Nf2 d5 36.Rc7 Rd6
37.h4 c4 38.h5 c3 39.g5 d4 40.h6 Ne5  1-0

[Event "Oslo op"]
[Site "Oslo"]
[Date "1994.??.??"]
[Round "1"]
[White "Yndesdal, Kjell"]
[Black "Schmittdiel, Eckhard"]
[Result "0-1"]
[WhiteElo "2245"]
[BlackElo "2450"]

1.d4 Nf6 2.c4 e6 3.Nc3 Bb4 4.f3 c5 5.d5 Bxc3+ 6.bxc3 d6 7.Bg5 h6 8.Bh4 g5
9.Bf2 Qa5 10.Qd2 e5 11.e3 e4 12.Ne2 Bf5 13.h4 exf3 14.gxf3 g4 15.Ng3 Bh7
16.f4 Ne4 17.Nxe4 Bxe4 18.Rh2 h5 19.Bd3 Bxd3 20.Qxd3 Nd7 21.e4 f5 22.Bg3 fxe4
23.Qxe4+ Kd8 24.Kd2 Re8 25.Qg6 Qa3 26.Kd3 b5 27.cxb5 c4+ 28.Kc2 Rb8 29.Rb1 Re3
30.Be1 Qa4+ 31.Kd2 Rd3+  0-1

[Event "Oslo op"]
[Site "Oslo"]
[Date "1994.??.??"]
[Round "5"]
[White "Yndesdal, Kjell"]
[Black "Ogaard, Leif"]
[Result "0-1"]
[WhiteElo "2245"]
[BlackElo "2425"]

1.d4 Nf6 2.c4 e6 3.Nc3 Bb4 4.f3 d5 5.a3 Be7 6.e4 dxe4 7.fxe4 e5 8.d5 O-O
9.Nf3 a5 10.Bd3 Bg4 11.O-O Nbd7 12.Rb1 c6 13.Be3 Ne8 14.h3 Bxf3 15.Qxf3 Nc7
16.Bc2 Na6 17.Rbd1 Qc7 18.Qg3 Bc5 19.Bxc5 Ndxc5 20.Rf2 Rad8 21.Rdf1 Nd7 22.Nd1 f6
23.Ne3 Kh8 24.Kh1 Nb6 25.b3 Nc8 26.Qh4 Nd6 27.g4 Qb6 28.Rf3 Rf7 29.Qh5 Rdf8
30.g5 g6 31.Qh6 Qd8 32.Ng4 fxg5 33.Nxe5 Rxf3 34.Nxf3 Nf7 35.Qxf8+ Qxf8 36.Nxg5 Qe7
37.Nxf7+ Kg7 38.e5 cxd5 39.cxd5 Qh4 40.Kg2 Qd4 41.d6 Nc5 42.Rf2 Ne6 43.d7 Qxd7
44.Nd6 Ng5 45.Kf1 Qxh3+ 46.Ke1 Qc3+  0-1

[Event "World op"]
[Site "Philadelphia"]
[Date "1994.??.??"]
[Round "?"]
[White "Yakovich, Yuri"]
[Black "Littke, Adam"]
[Result "0-1"]
[WhiteElo "2520"]
[BlackElo "2290"]

1.d4 Nf6 2.c4 e6 3.Nc3 Bb4 4.f3 d5 5.a3 Bxc3+ 6.bxc3 c5 7.cxd5 Nxd5 8.dxc5 O-O
9.e4 Ne7 10.Qxd8 Rxd8 11.Be3 Nbc6 12.Rb1 e5 13.Bc4 Na5 14.Ba2 Rd3 15.Bg5 Nec6
16.Ne2 Be6 17.Bxe6 fxe6 18.Kf2 h6 19.Bh4 g5 20.Bg3 Rad8 21.h4 g4 22.fxg4 Nc4
23.Rbe1 Nxa3 24.Ng1 Nc2 25.Re2 Rxc3 26.Nf3 N2d4 27.Re3 Rc2+ 28.Kg1 Nxf3+
29.Rxf3 Rd1+ 30.Kh2 Rxh1+ 31.Kxh1 Rxc5 32.Rd3 b5 33.Rd7 b4 34.Rb7 a5 35.Bf2 Rc3
36.Kg1 a4 37.Rb6 b3 38.g5 hxg5 39.hxg5 a3 40.Be1 Rc1  0-1

[Event "Platja d'Aro Barcino"]
[Site "Platja d'Aro"]
[Date "1994.??.??"]
[Round "?"]
[White "Pomes Marcet, Juan"]
[Black "Spraggett, Kevin"]
[Result "1-0"]
[WhiteElo "2390"]
[BlackElo "2530"]

1.d4 Nf6 2.c4 e6 3.Nc3 Bb4 4.f3 d5 5.a3 Bxc3+ 6.bxc3 c5 7.cxd5 Nxd5 8.dxc5 Qa5
9.e4 Nf6 10.Be3 O-O 11.Qb3 Nfd7 12.Nh3 Qc7 13.a4 Nxc5 14.Qa3 Nba6 15.Nf2 Bd7
16.Bb5 Rfc8 17.O-O e5 18.Bxd7 Nxd7 19.Rfd1 Nab8 20.Qe7 Rd8 21.Ng4 Nc6 22.Qg5 Kh8
23.Nh6 Nb6 24.Qf5 Rxd1+ 25.Rxd1 Rf8 26.a5 Nxa5 27.Qxe5 Qxe5 28.Nxf7+ Kg8
29.Nxe5 Rc8 30.f4 Na4 31.Bd4 Kf8 32.Rd3 Nb3 33.Nd7+ Kf7 34.c4 Nxd4 35.Rxd4 Ke7
36.Ne5 Nc5 37.Kf2 a5 38.Ke3 a4 39.Rd2 a3 40.Ra2 Ra8 41.Nd3 Nb3 42.g4 Ra4
43.g5 b6 44.h4 Na5 45.Ne5 Nb3 46.f5 Nc1 47.Rd2 a2 48.Nc6+ Kf8 49.Rd8+ Kf7
50.e5 Ra3+ 51.Ke4  1-0

[Event "Portoroz op"]
[Site "Portoroz"]
[Date "1994.??.??"]
[Round "?"]
[White "Toefferl, Heimo"]
[Black "Milunovic, V."]
[Result "1-0"]
[WhiteElo "2180"]
[BlackElo "2000"]

1.d4 Nf6 2.c4 e6 3.Nc3 Bb4 4.f3 c5 5.e3 Nc6 6.a3 Bxc3+ 7.bxc3 Nh5 8.Nh3 O-O
9.Bd3 b6 10.O-O d6 11.Nf2 Ba6 12.Re1 Qd7 13.d5 Na5 14.Qe2 Qa4 15.Ne4 Bxc4
16.dxe6 Bxd3 17.exf7+ Rxf7 18.Qxd3 Rd8 19.Ng5 Nf6 20.Nxf7 Kxf7 21.e4 c4 22.Qd1 Qb5
23.a4 Qe5 24.Qc2 Nb3 25.Ra2 Nc5 26.Be3 Nd3 27.Re2 h5 28.a5 bxa5 29.Bxa7 h4
30.Bd4 Qg5 31.Be3 Qb5 32.Rd2 Rb8 33.Rd1 Qh5 34.Qa4 Nb2 35.Rxb2 Rxb2 36.Qxc4+ Kf8
37.Rxd6 Rb1+ 38.Kf2 Rb2+ 39.Kf1 Rb1+ 40.Ke2 Rb2+ 41.Rd2 Rxd2+ 42.Kxd2 Qg6
43.Bc5+ Ke8 44.Qe6+ Kd8 45.Bb6+  1-0

[Event "Pula PCA op"]
[Site "Pula"]
[Date "1994.??.??"]
[Round "?"]
[White "Krmelj, Natasa"]
[Black "Sax, Gyula"]
[Result "0-1"]
[WhiteElo "2020"]
[BlackElo "2520"]

1.d4 Nf6 2.c4 e6 3.Nc3 Bb4 4.f3 d5 5.a3 Bxc3+ 6.bxc3 c5 7.e3 O-O 8.cxd5 Nxd5
9.Ne2 Nc6 10.e4 Nb6 11.g3 Qf6 12.Bg2 Rd8 13.Be3 Nc4 14.Bf2 e5 15.d5 b6 16.Qc1 N6a5
17.Ra2 Qg6 18.g4 f5 19.h3 fxe4 20.fxe4 h5 21.g5 Nd6 22.h4 Nxe4 23.O-O Bf5
24.Ng3 Nxg3 25.Bxg3 Be4 26.Bxe5 Rxd5 27.Qf4 Bxg2 28.Rxg2 Re8 29.Bc7 Kh7 30.Rgf2 Re4
31.Qf7 Qxf7 32.Rxf7 Rxh4  0-1

[Event "ROM-chT"]
[Site "ROM"]
[Date "1994.??.??"]
[Round "?"]
[White "Serdean, Pavel Dorin"]
[Black "Popescu, Cristian"]
[Result "1/2-1/2"]
[WhiteElo "2240"]
[BlackElo "2285"]

1.d4 Nf6 2.c4 e6 3.Nc3 Bb4 4.f3 d5 5.a3 Bxc3+ 6.bxc3 c5 7.cxd5 Nxd5 8.Qd3 b6
9.dxc5 bxc5 10.e4 Ba6 11.Qd2 Bxf1 12.exd5 Bc4 13.dxe6 Qxd2+ 14.Bxd2 Bxe6
15.Be3 Nd7 16.Ne2 Rb8 17.O-O Bb3 18.Ng3 O-O 19.Ne4 Rfc8 20.Rf2 Bd5 21.Rd2 Nb6
22.Bf4 Ra8 23.Nd6 Rf8  1/2-1/2

[Event "ROM-chT"]
[Site "ROM"]
[Date "1994.??.??"]
[Round "?"]
[White "Racasan, Sebastian"]
[Black "Popescu, Cristian"]
[Result "1/2-1/2"]
[WhiteElo "2210"]
[BlackElo "2285"]

1.d4 Nf6 2.c4 e6 3.Nc3 Bb4 4.f3 c5 5.d5 Nh5 6.g3 f5 7.Nh3 Bxc3+ 8.bxc3 d6
9.e4 Nf6 10.exf5 exf5 11.Bd3 O-O 12.O-O Nfd7 13.f4 Nf6 14.Qc2 g6 15.Bd2 Re8
16.Rae1 Rxe1 17.Rxe1 Na6 18.Nf2 Qf8 19.g4 Ne8 20.gxf5 gxf5 21.Nd1 Bd7 22.Kh1 Ng7
23.Rg1 Kh8 24.Ne3 Qf7 25.Rg5 Rf8 26.Be1 Nc7 27.Qg2 Qe7 28.Bh4 Qf7 29.Bf2 Qf6
30.Be1 Qf7 31.Qh3 Qf6 32.Qf3 Qf7 33.Rg3 Nce8 34.Rh3 Nf6 35.Rh6 Ng8 36.Rh3 Re8
37.Rh4 Nf6 38.Qh3 Qg8 39.Bf2 Ne4 40.Be1 Nf6 41.Bf2 Ne4 42.Be1  1/2-1/2

[Event "Saanen"]
[Site "Saanen"]
[Date "1994.??.??"]
[Round "3"]
[White "Krizsany, Laszlo"]
[Black "Kogan, Artur"]
[Result "0-1"]
[WhiteElo "2385"]
[BlackElo "2415"]

1.d4 Nf6 2.c4 e6 3.Nc3 Bb4 4.f3 d5 5.a3 Bd6 6.c5 Be7 7.Bg5 b6 8.b4 bxc5 9.bxc5 Ba6
10.Bxf6 Bxf6 11.f4 g5 12.e3 Bxf1 13.Kxf1 gxf4 14.exf4 Nc6 15.Nf3 Rb8 16.Ra2 O-O
17.h4 Bg7 18.Kf2 Qf6 19.Ne2 Qf5 20.Rd2 Na5 21.g4 Qxg4 22.Rg1 Qh5 23.f5 Qxf5
24.Ng3 Qg4 25.Ne2 Qh5 26.Rg5 Qh6 27.Nf4 Kh8 28.Qc2 f5 29.Re2 Bxd4+ 30.Kg2 e5
31.Qa4 Nb3 32.Rxe5 Bxe5 33.Nxe5 Qf6 34.Neg6+ hxg6 35.Nxg6+ Kh7 36.Nxf8+ Rxf8
37.Qxb3 Qf7 38.Qf3 Rg8 39.Kf2 Rxg5 40.hxg5 Kg6 41.Qe3 Qd7 42.Qe5 Kxg5 43.Kg3 Kg6
44.Kf3 d4 45.Kf2 d3 46.Ke1 d2+ 47.Kd1 c6 48.Qg3+ Kf7 49.Qb8 Qe7 50.Kxd2 Qxc5
51.Qc7+ Kg6 52.Qg3+ Kf6 53.Qh4+ Ke6 54.Qh6+ Kd5 55.Qh1+ Kd6 56.Qh2+ Qe5 57.Qh6+ Kd5
58.Qh7 Qd4+ 59.Kc2 Qf2+ 60.Kb3 Qe3+ 61.Kb2 Qd4+ 62.Kb3 Qb6+ 63.Kc2 Qc5+ 64.Kb2 Kc4
65.Qf7+ Kb5 66.Qb7+ Qb6 67.Qf7 Ka4+ 68.Ka2 Qf2+ 69.Kb1 Qf1+ 70.Kc2 Qe2+ 71.Kc3 Qe3+
72.Kc2 Qc5+ 73.Kb1 a5 74.Qf6 Qg1+ 75.Kc2 Qf2+ 76.Kc3 Qc5+ 77.Kd2 Qd5+ 78.Kc1 c5
79.Qc3 Qh1+ 80.Kc2 Qg2+ 81.Kb1 Qf1+ 82.Ka2 Qe2+ 83.Kb1 c4 84.Ka1 Qd1+ 85.Ka2 Qb3+
86.Qxb3+ cxb3+ 87.Kb2  0-1

[Event "Sarospatak op"]
[Site "Sarospatak"]
[Date "1994.??.??"]
[Round "?"]
[White "Goczan, Laszlo"]
[Black "Volosin, Vladimir"]
[Result "1/2-1/2"]
[WhiteElo "2200"]
[BlackElo "2295"]

1.d4 Nf6 2.c4 e6 3.Nc3 Bb4 4.f3 d5 5.a3 Bxc3+ 6.bxc3 c5 7.cxd5 exd5 8.e3 O-O
9.Bd3 b6 10.Ne2 Ba6 11.O-O Bxd3 12.Qxd3 Re8 13.Ng3 Nc6 14.Ra2 Rc8 15.Re2 Qd7
16.Bb2 Rc7 17.e4 dxe4 18.fxe4 Ne5 19.Qd1 cxd4 20.cxd4 Nc4 21.Bc1 Qc6  1/2-1/2

[Event "Sevilla op"]
[Site "Sevilla"]
[Date "1994.??.??"]
[Round "3"]
[White "Yakovich, Yuri"]
[Black "Montecatine, Ricardo"]
[Result "1-0"]
[WhiteElo "2520"]
[BlackElo "2325"]

1.d4 Nf6 2.c4 e6 3.Nc3 Bb4 4.f3 d5 5.a3 Bxc3+ 6.bxc3 c5 7.cxd5 Nxd5 8.dxc5 f5
9.e4 fxe4 10.Qc2 e3 11.Bd3 Nd7 12.c4 Nf4 13.Bxe3 Nxc5 14.Bxh7 Qh4+ 15.Kf1 Qxh7
16.Qxh7 Rxh7 17.Bxf4 b6 18.Nh3 Ba6 19.Kf2 Nd3+ 20.Kg3 Rc8 21.Rad1 Bxc4 22.Ng5 Rh6
23.Ne4 Rg6+ 24.Bg5 e5 25.h4 Rcc6 26.Rd2 Nc5 27.Rd8+ Kf7 28.Nxc5 bxc5 29.Rd7+ Kg8
30.Rb1 Ba6 31.Rb8+ Kh7 32.Rxa7 Rb6 33.Rf8 c4 34.Raa8 Rxg5+ 35.hxg5 c3 36.Rf7 Bb7
37.Ra4 Rc6 38.Rxb7 c2 39.Rh4+ Kg6 40.Rh1 c1=Q 41.Rxc1 Rxc1 42.a4 Rc4 43.a5 Ra4
44.Ra7 Kf5 45.Rxg7 Rxa5 46.Kh4 Ra1 47.Rf7+  1-0

[Event "SLO-chT"]
[Site "?"]
[Date "1994.??.??"]
[Round "?"]
[White "Krmelj, Natasa"]
[Black "Ankerst, Milka"]
[Result "1/2-1/2"]
[WhiteElo "2035"]
[BlackElo "2110"]

1.d4 Nf6 2.c4 e6 3.Nc3 Bb4 4.f3 d5 5.a3 Bxc3+ 6.bxc3 O-O 7.e3 b6 8.cxd5 exd5
9.Bd3 Re8 10.Ne2 c5 11.O-O Nc6 12.Ng3 Be6 13.Qc2 Rc8 14.Qf2 Na5 15.Rb1 cxd4
16.cxd4 Rc3 17.Qd2 Qc8 18.e4 Nb3 19.Rxb3 Rxb3 20.e5 Nd7 21.Bb2 Rxd3 22.Qxd3 Nb8
23.f4 Qc4 24.Qd2 Rc8 25.f5 Bd7 26.f6 Qc2 27.Qg5 Qg6 28.Qxg6 hxg6 29.fxg7 Rc4
30.Rc1 Rxc1+ 31.Bxc1 Nc6 32.Bb2 Bg4 33.Nf1 Kxg7 34.Ne3 Be6 35.Bc3 f6 36.exf6+ Kxf6
37.Kf2 Ke7 38.h4 a5 39.Ke2 Na7 40.Kd3 Nb5 41.Bb2 Nd6 42.Bc1 Ne4 43.Nf1 Kd6
44.Nd2 Bf5 45.Nxe4+  1/2-1/2

[Event "St Petersburg op2"]
[Site "St Petersburg"]
[Date "1994.??.??"]
[Round "4"]
[White "Baklanova, Tatiana"]
[Black "Cherepkov, Alexander V"]
[Result "0-1"]
[WhiteElo "2180"]
[BlackElo "2410"]

1.d4 Nf6 2.c4 e6 3.Nc3 Bb4 4.f3 c5 5.d5 Nh5 6.g3 f5 7.e4 O-O 8.f4 Nf6 9.e5 Ne4
10.Qd3 d6 11.Bg2 dxe5 12.fxe5 exd5 13.cxd5 Be6 14.Ne2 Qxd5 15.Qxd5 Bxd5 16.O-O Bxc3
17.Bxe4 Bxe4 18.Nxc3 Nc6 19.Nxe4 fxe4 20.Re1 Nxe5 21.Rxe4 Rae8 22.Re3 Nf3+
23.Kg2 Ne1+ 24.Kg1 Rxe3 25.Bxe3 Nc2  0-1

[Event "SWZ-chT"]
[Site "SWZ"]
[Date "1994.??.??"]
[Round "1"]
[White "Costa, Jean Luc"]
[Black "Gavrikov, Viktor"]
[Result "0-1"]
[WhiteElo "2380"]
[BlackElo "2590"]

1.d4 Nf6 2.c4 e6 3.Nc3 Bb4 4.f3 d5 5.Qa4+ Nc6 6.a3 Be7 7.e3 O-O 8.cxd5 Nxd5
9.Bb5 Bd7 10.Qc2 Nxc3 11.Qxc3 Bd6 12.Ne2 Qh4+ 13.Kf1 a6 14.Ba4 Rad8 15.e4 f5
16.exf5 Rxf5 17.Be3 Rdf8 18.Bf2 Qh5 19.Kg1 R5f7 20.Re1 b5 21.Ng3 Qh6 22.Bb3 Ne7
23.Ne4 Qg6 24.Bg3 Nf5 25.Bc2 Qh6 26.Kf2 Nh4 27.Qd2 Bf4 28.Bxf4 Rxf4 29.Qe3 e5
30.dxe5 Bh3 31.gxh3 Rxf3+ 32.Qxf3 Rxf3+ 33.Ke2 Rxh3  0-1

[Event "SWZ-chT"]
[Site "SWZ"]
[Date "1994.??.??"]
[Round "7"]
[White "Pelletier, Yannick"]
[Black "Gerber, Richard"]
[Result "1/2-1/2"]
[WhiteElo "2350"]
[BlackElo "2325"]

1.d4 Nf6 2.c4 e6 3.Nc3 Bb4 4.f3 d5 5.a3 Bxc3+ 6.bxc3 c5 7.e3 O-O 8.cxd5 Nxd5
9.Ne2 f5 10.g3 Nc6 11.Bg2 Nf6 12.f4 Qc7 13.O-O Bd7 14.a4 c4 15.Ba3 Rfe8 16.Nc1 Ne7
17.Bxe7 Rxe7 18.Qe2 Bc6 19.Re1 Bxg2 20.Qxg2 Ne4 21.Ne2 Rd8 22.g4 Rd6 23.Ng3 Nxc3
24.Qc2 Nd5 25.gxf5 exf5 26.Nxf5 Rg6+ 27.Kh1 Ree6 28.Qf2 Nf6 29.Ng3 Qc6+ 30.Qg2 Ne4
31.Kg1 Nxg3 32.hxg3 Rxg3 33.Qxg3 Rg6 34.Qxg6 Qxg6+ 35.Kf2 Qf6 36.Rec1 Qh4+
37.Kf3 Qh3+ 38.Kf2 Qh2+ 39.Kf3 Qh3+ 40.Kf2 Qh4+ 41.Kf3 Qh5+ 42.Kf2 Qd5 43.Rab1 a6
44.Rb4 b5 45.axb5 axb5 46.Rcb1 Qh5 47.Rxb5 Qh2+ 48.Kf3 Qh3+ 49.Kf2 Qh2+ 50.Kf3 Qh3+  1/2-1/2

[Event "JUG-ch"]
[Site "Tivat"]
[Date "1994.??.??"]
[Round "1"]
[White "Ilincic, Zlatko"]
[Black "Abramovic, Bosko"]
[Result "0-1"]
[WhiteElo "2530"]
[BlackElo "2500"]

1.d4 Nf6 2.c4 e6 3.Nc3 Bb4 4.f3 d5 5.a3 Bxc3+ 6.bxc3 c6 7.e3 O-O 8.Bd3 b6
9.Nh3 Ba6 10.Qe2 Nbd7 11.O-O e5 12.Nf2 Re8 13.cxd5 Bxd3 14.Qxd3 cxd5 15.c4 dxc4
16.Qxc4 Rc8 17.Qa4 exd4 18.Qxd4 Nc5 19.Qxd8 Rexd8 20.Bb2 Nd5 21.Rfe1 b5 22.Rab1 a6
23.h4 h6 24.g4 Nb6 25.Bd4 Nc4 26.Bxc5 Rxc5 27.Rbc1 Rcc8 28.Ra1 Rd2 29.f4 Rc2
30.e4 Rc3 31.a4 b4 32.Rec1 Nd2 33.Rd1 Rc2 34.Nd3 b3 35.Nb4 Nf3+ 36.Kf1 Rh2
37.Rab1 b2 38.Nd3  0-1

[Event "Balkaniad"]
[Site "Varna"]
[Date "1994.??.??"]
[Round "1"]
[White "Delchev, Aleksander"]
[Black "Karkanaque, Ilir"]
[Result "0-1"]
[WhiteElo "2480"]
[BlackElo "2355"]

1.d4 Nf6 2.c4 e6 3.Nc3 Bb4 4.f3 c5 5.d5 Bxc3+ 6.bxc3 d6 7.e4 e5 8.Bd3 Nbd7
9.Ne2 h6 10.h4 Qa5 11.h5 Nb6 12.Bd2 Qa4 13.Ng3 Qxd1+ 14.Kxd1 Bd7 15.Nf1 O-O-O
16.Ne3 g6 17.hxg6 fxg6 18.g4 Rdg8 19.Ke2 g5 20.a4 Kc7 21.a5 Nc8 22.Nf5 h5
23.gxh5 Nxh5 24.Kf2 Nf4 25.Bxf4 gxf4 26.Be2 a6 27.Bd3 Rf8 28.Rag1 b6 29.axb6+ Nxb6
30.Ng7 Rxh1 31.Rxh1 Rf7 32.Nf5 a5 33.Rh6 Nc8 34.Rh1 Ne7 35.Nxd6 Kxd6 36.Rh6+ Kc7
37.d6+ Kb7 38.dxe7 Rxe7 39.Bc2 Bc6 40.Rh1 a4 41.Ke2 Rg7 42.Kf2 Rg8 43.Rh7+ Kb6
44.Rh6 a3 45.Rh1 Kc7 46.Ra1 Rh8 47.Ke2 Rh2+ 48.Kd3 Bd7 49.Rxa3 Bh3 50.Ra1 Rf2  0-1